MARC details
| 000 -LEADER |
| campo de control de longitud fija |
01434nac a2200301 a 4500 |
| 003 - IDENTIFICADOR DE NÚMERO DE CONTROL |
| campo de control |
CO-PeBPM |
| 005 - FECHA Y HORA DE LA ÚLTIMA TRANSACCIÓN |
| campo de control |
20260406194407.0 |
| 007 - CAMPO FIJO DE DESCRIPCIÓN FÍSICA--INFORMACIÓN GENERAL |
| campo de control de longitud fija |
ta |
| 008 - DATOS DE LONGITUD FIJA--INFORMACIÓN GENERAL |
| campo de control de longitud fija |
260406s1973 ck |||| |||| 00| 0 spa d |
| 020 ## - NÚMERO INTERNACIONAL ESTÁNDAR DEL LIBRO |
| Número Internacional Estándar del Libro |
8401460131 |
| 040 ## - FUENTE DE CATALOGACIÓN |
| Centro catalogador/agencia de origen |
CO-PeBPM |
| Lengua de catalogación |
spa |
| Centro/agencia transcriptor |
CO-PeBPM |
| Normas de descripción |
rda |
| 082 04 - NÚMERO DE LA CLASIFICACIÓN DECIMAL DEWEY |
| Número de edición |
22 |
| Número de clasificación |
573.2 M847e |
| 100 1# - ENTRADA PRINCIPAL--NOMBRE DE PERSONA |
| Nombre de persona |
Morgan, Elaine |
| Término indicativo de función/relación |
autor |
| 245 10 - MENCIÓN DEL TÍTULO |
| Título |
Eva al desnudo |
| Mención de responsabilidad, etc. |
/ Elaine Morgan; traducción de Marta I. Guastavino |
| 264 ## - PRODUCCIÓN, PUBLICACIÓN, DISTRIBUCIÓN, FABRICACIÓN Y COPYRIGHT |
| Producción, publicación, distribución, fabricación y copyright |
Barcelona, España |
| Nombre del de productor, editor, distribuidor, fabricante |
: Plaza y Janes |
| Fecha de producción, publicación, distribución, fabricación o copyright |
, c1973 |
| 300 ## - DESCRIPCIÓN FÍSICA |
| Extensión |
306 páginas |
| Dimensiones |
18 centimetros |
| 336 ## - TIPO DE CONTENIDO |
| Fuente |
rdacontent |
| Término de tipo de contenido |
texto |
| Código de tipo de contenido |
txt |
| 337 ## - TIPO DE MEDIO |
| Fuente |
rdamedia |
| Nombre/término del tipo de medio |
sin mediación |
| Código del tipo de medio |
n |
| 338 ## - TIPO DE SOPORTE |
| Fuente |
rdacarrier |
| Nombre/término del tipo de soporte |
volumen |
| Código del tipo de soporte |
nc |
| 490 ## - MENCIÓN DE SERIE |
| Mención de serie |
Manantial |
| Designación de volumen o secuencia |
13 |
| 500 ## - NOTA GENERAL |
| Nota general |
Incluye índice al final del texto |
| 520 ## - RESUMEN, ETC. |
| Sumario, etc. |
"Eva al desnudo" no es un libro feminista. Pero tampoco masculinita. Elaine Morgan afirma que la evolución y la Historia tienen como protagonista a la pareja humana. Ni la mujer es un juguete decorativo para el entrenamiento del hombre en sus horas de ocio, ni el hombre es un incauto instrumento en manos de un supuesto maquiavelismo femenino. Ambas partes se necesitan recíproca e insustituiblemente, y la historia humana no es más que una consecuencia de tal necesidad. |
| 650 17 - PUNTO DE ACCESO ADICIONAL DE MATERIA--TÉRMINO DE MATERIA |
| Término de materia o nombre geográfico como elemento de entrada |
Evolución humana |
| Fuente del encabezamiento o término |
LEMB |
| 650 17 - PUNTO DE ACCESO ADICIONAL DE MATERIA--TÉRMINO DE MATERIA |
| Término de materia o nombre geográfico como elemento de entrada |
Mujeres - Evolución |
| Fuente del encabezamiento o término |
LEMB |
| 700 1# - ENTRADA AGREGADA--NOMBRE PERSONAL |
| Nombre de persona |
Guastavino, Marta I. |
| Término indicativo de función/relación |
traducción |
| 942 ## - ELEMENTOS DE ENTRADA SECUNDARIOS (KOHA) |
| Fuente del sistema de clasificación o colocación |
Clasificación Decimal Dewey |
| Suprimir en OPAC |
No |
| Tipo de ítem Koha |
Libros |